English Premier League Football Teams - Statistics

General Stats
  • This quiz has been taken 1,940 times
  • The average score is 21 of 39
Answer Stats
Hint Answer % Correct
EASY Manchester United
97%
EASY Manchester City
96%
EASY Arsenal
94%
EASY Chelsea
92%
EASY Liverpool
92%
EASY Tottenham
84%
EASY Everton
78%
MEDIUM West Ham
75%
EASY Newcastle
72%
MEDIUM Aston Villa
71%
MEDIUM Southampton
61%
HARD Leeds
60%
MEDIUM Sunderland
59%
MEDIUM Wolverhampton Wanderers
58%
HARD Leicester
57%
MEDIUM Norwich
57%
MEDIUM Fulham
54%
MEDIUM West Brom
54%
MEDIUM Crystal Palace
53%
MEDIUM Blackburn
51%
MEDIUM Burnley
50%
MEDIUM Swansea
50%
MEDIUM Stoke
44%
MEDIUM Queen's Park Rangers
43%
MEDIUM Hull
42%
HARD Watford
42%
MEDIUM Birmingham
41%
MEDIUM Bolton
41%
MEDIUM Portsmouth
40%
HARD Derby
38%
HARD Sheffield United
38%
MEDIUM Blackpool
36%
MEDIUM Wigan
34%
HARD Ipswich
32%
MEDIUM Middlesbrough
28%
MEDIUM Reading
28%
HARD Charlton
27%
HARD Coventry
22%
HARD Bradford
21%
No matching quizzes found
Score Distribution
Percent of People with Each Score
Percentile by Number Answered
Your Score History
You have not taken this quiz